Power Plant Engineering (Record no. 609642)
[ view plain ]
| 000 -LEADER | |
|---|---|
| fixed length control field | 00419nam a22001457a 4500 |
| 020 ## - INTERNATIONAL STANDARD BOOK NUMBER | |
| International Standard Book Number | 9788122418316 |
| 040 ## - CATALOGING SOURCE | |
| Transcribing agency | Nust |
| 082 ## - DEWEY DECIMAL CLASSIFICATION NUMBER | |
| Classification number | 621.3121 |
| Author Mark | RAJ |
| 100 ## - MAIN ENTRY--PERSONAL NAME | |
| Personal name | Raja, K. A |
| 9 (RLIN) | 123456 |
| 110 ## - MAIN ENTRY--CORPORATE NAME | |
| Corporate name or jurisdiction name as entry element | Srivastava, Prakash Amit, Dwivedi, Manish |
| 9 (RLIN) | 123457 |
| 245 ## - TITLE STATEMENT | |
| Title | Power Plant Engineering |
| 260 ## - PUBLICATION, DISTRIBUTION, ETC. | |
| Place of publication, distribution, etc. | New Delhi: |
| Name of publisher, distributor, etc. | New Age International Publishers, |
| Date of publication, distribution, etc. | 2006. |
| 650 ## - SUBJECT ADDED ENTRY--TOPICAL TERM | |
| Topical term or geographic name entry element | Power Plant Engineering |
| 9 (RLIN) | 58408 |
| 942 ## - ADDED ENTRY ELEMENTS (KOHA) | |
| Source of classification or shelving scheme | |
| Koha item type | Book |
| Withdrawn status | Lost status | Source of classification or shelving scheme | Damaged status | Not for loan | Permanent Location | Current Location | Shelving location | Date acquired | Total Checkouts | Full call number | Barcode | Date last seen | Price effective from | Koha item type |
|---|---|---|---|---|---|---|---|---|---|---|---|---|---|---|
| College of Electrical & Mechanical Engineering (CEME) | College of Electrical & Mechanical Engineering (CEME) | General Stacks | 06/11/2024 | 621.3121 RAJ | CEME- 43080 | 06/11/2024 | 06/11/2024 | Book |
